000 00312 a2200145 4500
001 180149
020 _a85-15-00144-6
040 _cMagnum
240 1 0 _aA vendedora de fósforos
_lpor
245 1 0 _aA vendedora de fósforos
300 _a16
440 1 _aLoyola
697 _aLITERATURA INFANTO
942 _cBK
999 _c180149
_d180149